Mathematical methods in engineering (Record no. 798)

MARC details
000 -LEADER
fixed length control field 00602nam a2200181Ia 4500
003 - CONTROL NUMBER IDENTIFIER
control field IN-BaIIA
008 - FIXED-LENGTH DATA ELEMENTS--GENERAL INFORMATION
fixed length control field 211028s9999 xx 000 0 eng d
040 ## - CATALOGING SOURCE
Transcribing agency IIA Library
080 ## - UNIVERSAL DECIMAL CLASSIFICATION NUMBER
Universal Decimal Classification number 51-7
Item number KAR
100 ## - MAIN ENTRY--PERSONAL NAME
Personal name Karman, Theodore V.
9 (RLIN) 1719
245 #0 - TITLE STATEMENT
Title Mathematical methods in engineering
Remainder of title an Introduction to the mathematical treatment of engineering problems
Statement of responsibility, etc. Theodore V. Karman and Maurice A. Biot
250 ## - EDITION STATEMENT
Edition statement 1st ed
260 ## - PUBLICATION, DISTRIBUTION, ETC.
Place of publication, distribution, etc. New York
Name of publisher, distributor, etc. McGraw-Hill
Date of publication, distribution, etc. 1940
300 ## - PHYSICAL DESCRIPTION
Extent v, 506p.
650 ## - SUBJECT ADDED ENTRY--TOPICAL TERM
Topical term or geographic name entry element Mathematics
9 (RLIN) 82
700 ## - ADDED ENTRY--PERSONAL NAME
Personal name Biot, Maurice A.
9 (RLIN) 1720
942 ## - ADDED ENTRY ELEMENTS (KOHA)
Koha item type Books
Holdings
Withdrawn status Lost status Damaged status Not for loan Home library Current library Shelving location Date acquired Total Checkouts Full call number Barcode Date last seen Price effective from Koha item type
        IIA Library-Bangalore IIA Library-Bangalore General Stacks     51-7/KAR 824 05/11/2021   Books

Powered by Koha